Anem al teatre : el Berguedà : teatre, música i dansa per a educació infantil i primària : l'oferta de la Diputació de Barcelona i del vostre Ajuntament : curs el Berguedà :
Descripción Física:
8 volums : il·lustracions en color ; 24 cm
Otros Autores:
Centre de Recursos Pedagògics del Berguedà
Materias:
Teatre -- Berguedà (Catalunya) -- Guies
; Música -- Berguedà -- Guies
; Dansa -- Berguedà (Catalunya) -- Guies
; Cultura i lleure -- Berguedà (Catalunya)
Idioma:
Catalán
MARC
| LEADER | 00000nam a2200000Ia 4500 | ||
|---|---|---|---|
| 001 | 15362, 17883, 17688, 19528, 21689, 22939, 23217, 24026 | ||
| 003 | Arxiu | ||
| 005 | 20260324181511.0 | ||
| 008 | 160829s2003 spca xx cat c | ||
| 040 | |a AGDB | ||
| 080 | |a FU-33-74, FU-2-44, FU-15-8, FU-7-46, FU-43-36, FU-56-76, FU-59-62, FU-34-2 | ||
| 245 | 0 | 0 | |a Anem al teatre : |b el Berguedà : |b teatre, música i dansa per a educació infantil i primària : |b l'oferta de la Diputació de Barcelona i del vostre Ajuntament : |b curs |
| 260 | |a Barcelona : |b Diputació de Barcelona. Àrea de Cultura. Àrea d'Educació, |c 2003- | ||
| 300 | |a 8 volums : |b il·lustracions en color ; |c 24 cm | ||
| 490 | 1 | |a Anem al teatre | |
| 590 | |a A la portada: Ajuntaments del Berguedà i el Centre de Recursos Pedagògics del Berguedà | ||
| 650 | 0 | |a Teatre |z Berguedà (Catalunya) |v Guies |9 49115 | |
| 650 | |a Música |x Berguedà |x Guies |9 49116 | ||
| 650 | 0 | |a Dansa |z Berguedà (Catalunya) |v Guies |9 49117 | |
| 650 | 0 | |a Cultura i lleure |z Berguedà (Catalunya) |9 49118 | |
| 700 | |a Centre de Recursos Pedagògics del Berguedà |9 49119 | ||
| 710 | 1 | |a Barcelona (Catalunya : Província). |b Àrea de Cultura |9 53536 | |
| 710 | |a Barcelona (Catalunya : Província). |b Àrea d'Educació |9 8009 | ||
| 710 | 1 | |a Barcelona (Catalunya : Província). |b Diputació |9 52408 | |
| 830 | 0 | |9 56316 |a Anem al teatre (Barcelona (Catalunya : Província). Diputació) | |
| 866 | |a 2003-2004 | ||
| 866 | |a 2005-2006 | ||
| 866 | |a 2006-2007 | ||
| 866 | |a 2007-2008 | ||
| 866 | |a 2008-2009 | ||
| 866 | |a 2010-2011 | ||
| 866 | |a 2011-2012 | ||
| 866 | |a 2013-14 | ||
| 901 | |a Arxiu | ||
| 942 | |n 1 |2 udc |c ARXIU | ||
| 952 | |0 0 |1 0 |4 0 |6 FU342 |7 1 |9 55109 |a Arxiu |b Arxiu |d 2016-12-01 |o FU-34-2 |r 2016-12-01 00:00:00 |w 2016-12-01 |y ARXIU | ||
| 952 | |0 0 |1 0 |4 0 |7 1 |9 65657 |a Arxiu |b Arxiu |d 2023-03-15 |h 2006-2007 (11a edició) |o FU-15-8 |p 17688 |r 2023-03-15 00:00:00 |w 2023-03-15 |y ARXIU | ||
| 952 | |0 0 |1 0 |4 0 |6 FU746 |7 1 |9 65791 |a Arxiu |b Arxiu |d 2023-03-23 |h 2007-2008 (12a edició) |l 0 |o FU-7-46 |p 19528 |r 2023-03-23 00:00:00 |w 2023-03-23 |y ARXIU | ||
| 952 | |0 0 |1 0 |4 0 |6 FU3374 |7 1 |9 65897 |a Arxiu |b Arxiu |d 2023-03-30 |h 2003-2004 (8a edició) |l 0 |o FU-33-74 |p 15362 |r 2023-03-30 00:00:00 |w 2023-03-30 |y ARXIU | ||
| 952 | |0 0 |1 0 |4 0 |7 1 |9 65994 |a Arxiu |b Arxiu |d 2023-04-05 |h 2008-2009 (13a edició) |o FU-43-36 |p 21689 |r 2023-04-05 00:00:00 |w 2023-04-05 |y ARXIU | ||
| 952 | |0 0 |1 0 |4 0 |7 1 |9 66090 |a Arxiu |b Arxiu |d 2023-04-13 |h 2010-2011 (15a edició) |o FU-56-76 |p 22939 |r 2023-04-13 00:00:00 |w 2023-04-13 |y ARXIU | ||
| 952 | |0 0 |1 0 |4 0 |7 1 |9 66108 |a Arxiu |b Arxiu |d 2023-04-13 |h 2011-2012 (16a edició) |o FU-59-62 |p 23217 |r 2023-04-13 00:00:00 |w 2023-04-13 |y ARXIU | ||
| 952 | |0 0 |1 0 |4 0 |7 1 |9 66152 |a Arxiu |b Arxiu |d 2023-04-18 |h 2013-2014 (18a edició) |o FU-64-2 |p 24026 |r 2023-04-18 00:00:00 |w 2023-04-18 |y ARXIU | ||
| 952 | |0 0 |1 0 |4 0 |7 1 |9 66204 |a Arxiu |b Arxiu |d 2023-04-27 |h 2005-2006 (10a edició) |o FU-2-44 |p 17883 |r 2023-04-27 00:00:00 |w 2023-04-27 |y ARXIU | ||
| 999 | |c 58981 |d 58981 | ||